00565nam a2200181Ia 4500008004100000020001300041040001900054041001200073082002400085100002100109245005200130260004800182300005100230440003200281504003800313650001400351850001800365131103s9999 xx 000 0 und d cRs. 8.25 aLoreto College aEnglish a915/WADbLCBED/2604 aWadia, Meher D.N aMinerals of IndiacMeher D.NWadia and D.N.Wadia aNew DelhibNational Book Trust, Indiac1966 ax, 199 p.b ill., charts, fig., maps.c 20 cm. aIndia - The Land and people aIncludes bibliographies and index aGeography aLCBED/915/WAD